Glosari industri petroleum : bahasa Inggeris-huraian, bahasa Melayu, bahasa Melayu- bahasa Inggeris
| Format: | Book |
|---|---|
| Published: |
Kuala Lumpur :
Dewan Bahasa dan Pustaka ,
1995
|
| Subjects: |
MARC
| LEADER | 00000cam a2200000 7i4500 | ||
|---|---|---|---|
| 001 | 0000003568 | ||
| 005 | 20050616.0 | ||
| 020 | |a 9836248005 | ||
| 040 | |a INS | ||
| 090 | 0 | 0 | |a TN865. |b G58 1995 |
| 245 | 1 | 0 | |a Glosari industri petroleum : |b bahasa Inggeris-huraian, bahasa Melayu, bahasa Melayu- bahasa Inggeris |
| 260 | |a Kuala Lumpur : |b Dewan Bahasa dan Pustaka , |c 1995 | ||
| 300 | |a 207p. | ||
| 650 | 0 | 0 | |a Petroleum industry and trade-dictionaries |x malay |
| 650 | 0 | 0 | |a Petroleum industry and trade |x dictionaries |
| 999 | |a 0000006895 |b BOOK |c Reference |e Default branch | ||